000 00419nam a2200181Ia 4500
001 9677
005 20260306161736.0
008 260306t1996||||xx |||||||||||||| ||spa||
041 _aESP
082 _aS 391.434
_bJ54
100 _aJiménez Borja, Arturo
_eAUT
245 0 _aMáscaras Peruanas
260 _c1996
300 _a237 páginas :
_c30 cm.
650 _aGEN
654 _aCHU
942 _cLIB
_dJUS
_fJUS
_2ddc
_n
999 _c9677
_d9677